ARRUPE JESUIT UNIVERSITY

CORONAVIRUS -STOP THE SPREAD - CLEAN,DISINFECT,COVER

A concise history of the British Empire (Record no. 119430)

MARC details
000 -LEADER
fixed length control field 00945cam a2200301 4500
001 - CONTROL NUMBER
control field 1239139
003 - CONTROL NUMBER IDENTIFIER
control field ARRUPE
005 - DATE AND TIME OF LATEST TRANSACTION
control field 20131220132712.0
008 - FIXED-LENGTH DATA ELEMENTS--GENERAL INFORMATION
fixed length control field 710308s1970 enkabch b 001 0 eng
010 ## - LIBRARY OF CONGRESS CONTROL NUMBER
LC control number 70540014
015 ## - NATIONAL BIBLIOGRAPHY NUMBER
National bibliography number B70-27350
020 ## - INTERNATIONAL STANDARD BOOK NUMBER
International Standard Book Number 0500450072
040 ## - CATALOGING SOURCE
Original cataloging agency DLC
Transcribing agency DLC
Modifying agency DLC
043 ## - GEOGRAPHIC AREA CODE
Geographic area code e-uk---
-- b------
050 00 - LIBRARY OF CONGRESS CALL NUMBER
Classification number DA16
Item number .G66
082 00 - DEWEY DECIMAL CLASSIFICATION NUMBER
Classification number 910.09/171/242
300 ## - PHYSICAL DESCRIPTION
Other physical details illus., facsims., maps, ports.
Dimensions 24 cm.
100 1# - MAIN ENTRY--PERSONAL NAME
Personal name Graham, Gerald Sandford,
Dates associated with a name 1903-
9 (RLIN) 6234
245 12 - TITLE STATEMENT
Title A concise history of the British Empire
Statement of responsibility, etc [by] Gerald S. Graham.
260 ## - PUBLICATION, DISTRIBUTION, ETC. (IMPRINT)
Place of publication, distribution, etc London,
Name of publisher, distributor, etc Thames & Hudson,
Date of publication, distribution, etc 1970.
300 ## - PHYSICAL DESCRIPTION
Extent 288 p.
350 ## - PRICE (NR) (BK AM CF MU VM SE) [OBSOLETE]
Price 50/-
504 ## - BIBLIOGRAPHY, ETC. NOTE
Bibliography, etc Bibliography: p. 272-275.
610 20 - SUBJECT ADDED ENTRY--CORPORATE NAME
Corporate name or jurisdiction name as entry element Commonwealth of Nations
General subdivision History.
9 (RLIN) 6235
651 #0 - SUBJECT ADDED ENTRY--GEOGRAPHIC NAME
Geographic name Great Britain
General subdivision Colonies
-- History.
9 (RLIN) 6236
651 #0 - SUBJECT ADDED ENTRY--GEOGRAPHIC NAME
Geographic name Commonwealth countries
General subdivision History.
9 (RLIN) 6237
906 ## - LOCAL DATA ELEMENT F, LDF (RLIN)
a 7
b cbc
c orignew
d 3
e ncip
f 19
g y-gencatlg
942 ## - ADDED ENTRY ELEMENTS (KOHA)
Source of classification or shelving scheme Library of Congress Classification
Koha item type Monograph ( Printed materials)
Holdings
Withdrawn status Lost status Source of classification or shelving scheme Damaged status Not for loan Home library Current library Date acquired Total Checkouts Full call number Barcode Date last seen Price effective from Koha item type
    Library of Congress Classification     ARRUPE LIBRARY ARRUPE LIBRARY 20/12/2013   DA16 .G66 464122939 27/10/2017 20/12/2013 Monograph ( Printed materials)

 

Arrupe Library. PO Box MP320 Mt Pleasant, Harare, Zimbabwe
263 242 745411|librarian@aju.ac.zw